000 00512nam a2200181Ia 4500
005 20250326123545.0
008 250326s9999 xx 000 0 und d
037 _aTextbook
040 _aFMSL
_beng
_cFMSL
041 _aeng
_2eng
084 _aB2893P L0
_qFMSL
100 _aJacobson D H
_9127519
245 0 _aDifferential dynamic programming
_cJacobson D H; Mayne D Q
260 _aNY
_bNY, American Elsevier
_c1970
300 _a208p
942 _cTB
_hB2893P L0
999 _c1269906
_d1269906